| 000 | 00577cam a22002411 4500 | ||
|---|---|---|---|
| 001 | sa 66000845 | ||
| 003 | DLC | ||
| 005 | 20260227112217.0 | ||
| 008 | 950117s1961 ii ac 000 0 tamo | ||
| 010 | _asa 66000845 | ||
| 025 | _aPL480:I-T-34 | ||
| 035 | _a(OCoLC)31829370 | ||
| 040 |
_aDLC _cCU _dCU _dDLC |
||
| 042 | _apremarc | ||
| 050 | 0 | 0 |
_aHX44 _b.S92 |
| 100 | 1 | _aSundaram, K. M. | |
| 245 | 1 | 0 | _aCōṣalisa cīmaiyilē. |
| 260 | _c[1961] | ||
| 300 |
_avii, 88 p. _bill., ports. _c19 cm. |
||
| 500 | _aIn Tamil. | ||
| 650 | 0 | _aCommunism. | |
| 650 | 0 | _aSocialism. | |
| 999 |
_c67445 _d67445 |
||